000 00265nam a2200109Ia 4500
008 190216s9999||||xx |||||||||||||| ||und||
100 _aMundasseri
245 0 _aAshan Kavitha Oru Padanam
260 _bMangalodhayam Publications
650 _aPsycology
942 _cBK
999 _c25149
_d25149